En suma para la convivencia (Registro nro. 3815)
[ vista simple ]
| 000 -CABECERA | |
|---|---|
| campo de control de longitud fija | 00880nam a22002057a 4500 |
| 003 - IDENTIFICADOR DEL NÚMERO DE CONTROL | |
| campo de control | DO-SdBJH |
| 005 - FECHA Y HORA DE LA ÚLTIMA TRANSACCIÓN | |
| campo de control | 20180607131824.0 |
| 008 - DATOS DE LONGITUD FIJA--INFORMACIÓN GENERAL | |
| campo de control de longitud fija | 180607b ||||| |||| 00| 0 spa d |
| 020 ## - NÚMERO INTERNACIONAL ESTÁNDAR DEL LIBRO | |
| Número Internacional Estándar del Libro | 978-9945-13-106-2 |
| 040 ## - FUENTE DE LA CATALOGACIÓN | |
| Centro catalogador/agencia de origen | DO-SdBJH |
| Lengua de catalogación | spa |
| Centro/agencia transcriptor | DO-SdBJH |
| 082 ## - NÚMERO DE LA CLASIFICACIÓN DECIMAL DEWEY | |
| Número de clasificación | RD 864.44 |
| Número de documento/Ítem | Q6e |
| 100 ## - ENTRADA PRINCIPAL--NOMBRE DE PERSONA | |
| Autor Personal | Quidiello de Bosch, Carmen |
| 245 ## - MENCIÓN DE TÍTULO | |
| Título | En suma para la convivencia |
| Mención de responsabilidad, etc. | Carmen Quidiello de Bosch. |
| 260 ## - PUBLICACIÓN, DISTRIBUCIÓN, ETC. | |
| Lugar de publicación, distribución, etc. | Santo Domingo, R. D : |
| Nombre del editor, distribuidor, etc. | Fundación Juan Bosch |
| Fecha de publicación, distribución, etc. | 2009 |
| 300 ## - DESCRIPCIÓN FÍSICA | |
| Extensión | 489 p ; |
| Otras características físicas | 24 cm. |
| 490 ## - MENCIÓN DE SERIE | |
| Mención de serie | Colección Centro de Documentación y Archivo Juan Bosch |
| Designación de volumen o secuencia | V2 |
| 500 ## - NOTA GENERAL | |
| Nota general | Edición realizada gracias al patrocinio de Secretaría de Estado de Cultura, Biblioteca Nacional Pedro Henríquez Ureña, Comisión Nacional del Centenario del Natalicio de Juan Bosch. |
| 650 ## - PUNTO DE ACCESO ADICIONAL DE MATERIA--TÉRMINO DE MATERIA | |
| Fuente del encabezamiento o término | Ensayos dominicanos. |
| Término de materia o nombre geográfico como elemento de entrada | Literatura dominicana. |
| Subdivisión de forma | Ensayos cubanos. |
| Subdivisión general | Literatura cubana |
| 942 ## - ELEMENTOS DE PUNTO DE ACCESO ADICIONAL (KOHA) | |
| Fuente del sistema de clasificación o colocación | Dewey Decimal Classification |
| Tipo de ítem Koha | Libros |
| Estado de retiro | Estado de pérdida | Fuente del sistema de clasificación o colocación | Estado dañado | No para préstamo | Código de colección | Localización permanente | Ubicación/localización actual | Ubicación en estantería | Fecha de adquisición | Número de inventario | Total de préstamos | Signatura topográfica completa | Código de barras | Fecha visto por última vez | Número de copia | Precio válido a partir de | Tipo de ítem Koha |
|---|---|---|---|---|---|---|---|---|---|---|---|---|---|---|---|---|---|
| Dewey Decimal Classification | Colección Dominicana | SIBM UNADE - Biblioteca Academia Naval. Vicealmirante César De Windt Lavandier, ARD | SIBM UNADE - Biblioteca Academia Naval. Vicealmirante César De Windt Lavandier, ARD | En estantería | 06/07/2018 | AARD.00076 | RD 864.44 Q6e | 100125s2009 dr d 000 | 06/07/2018 | EJ.1 | 06/07/2018 | Libros |
